| 000 | 00412nam a2200157Ia 4500 | ||
|---|---|---|---|
| 008 | 230312s9999||||xx |||||||||||||| ||und|| | ||
| 020 | _a0-470-18785-2 | ||
| 082 |
_a624.1771 _bCHI-B |
||
| 100 | _aChing;Francis.D.K | ||
| 245 | 0 | _aBuilding Structures Illustrated | |
| 260 |
_bWiley & Sons _aUSA _c2009 |
||
| 300 | _a312 | ||
| 546 | _aEng. | ||
| 650 |
_aArchitecture _vBuilding Structures Illustrated |
||
| 942 | _cBK | ||
| 999 |
_c8216 _d8216 |
||